| 000 | 00996nas a2200313 a 4500 | ||
|---|---|---|---|
| 001 | vtls001216500 | ||
| 003 | NLI | ||
| 005 | 20210603170439.0 | ||
| 008 | 120525d18841893ii an p s000 0|eng | ||
| 039 | 9 |
_a201205252211 _bVLOAD _y201203282046 _zVLOAD |
|
| 040 | 0 |
_aNLI _beng _cDatasoft_IOD _eAACR2 |
|
| 041 | 0 | _aeng | |
| 044 | _aii | ||
| 082 | 0 | 4 | _a352.5 |
| 090 | _am | ||
| 110 | 1 |
_aCoorg (India, British). _bPublic works Department. _bBuilding and Roads Branch _9654291 |
|
| 245 | 1 | 0 |
_aImperial military works, annual finance accouts / _cBuilding and Roads Branch, Public Works Department, Government of Coorg |
| 260 |
_aCoory : _bThe Author, _c1884-1893 |
||
| 300 |
_a-v ; _c32 cm. |
||
| 310 | _aAnnual | ||
| 362 | 0 | _a1882-83 - 1891-92 | |
| 500 | _aLibrary has : | ||
| 650 | 0 |
_aPublic works _zIndia _zCoorg _9654292 |
|
| 887 | _a | ||
| 901 |
_aIMP66605 date _b5.8.1910 _91882-83 |
||
| 901 |
_aIMP66607 date _b5.8.1910 _91885-86 |
||
| 902 | _aGP 352.5(5453) C788 | ||
| 942 |
_2ddc _cBKS |
||
| 999 |
_c520175 _d520175 |
||